000 00778nam a2200253 a 4500
001 BRCA_7952
005 20190320210052.0
008 100314s1964----gw-a###f##---#000-0#ger-#
041 _ager
044 _agw
050 4 _aNK7142
_b.M45
_c1964
100 1 _aMeinz, Manfred
_919701
245 1 0 _aSchönes silber
_bkeysers handbuch für sammler und Liebhaber
_cManfred Meinz.
260 _aMunchen
_bKeyser
_c1964
300 _a352 p.
_bil. (algunas a color), 494 láminas
_c23 cm.
500 _a3112
504 _aBibliografía p.348-350
650 1 4 _aPlatería
_zEuropa
_919391
650 1 4 _aMarcas de orfebrería
_zEuropa
_919702
650 1 4 _aMetales preciosos
_vManuales y guías
_919703
650 1 4 _aColeccionistas y colecciones
_919704
902 _aGFM
942 _2lcc
_cB
999 _c7621
_d7621